[Event "Tula Rjazanov Memorial"]
[Site "Tula"]
[Date "2016.02.14"]
[Round "9"]
[White "Kazakov, Nikolay"]
[Black "Pendurin, Evgeniy"]
[Result "1-0"]
[WhiteElo "1976"]
[BlackElo "2181"]
[PlyCount "113"]
[EventDate "2016.02.05"]
[EventType "swiss"]
[EventRounds "9"]
[EventCountry "RUS"]
[SourceTitle "CBM 171 Extra"]
[Source "ChessBase"]
[SourceDate "2016.04.26"]
[SourceVersion "1"]
[SourceVersionDate "2016.04.26"]
[SourceQuality "1"]

1. d4 d5 2. Nf3 Nf6 3. c4 e6 4. e3 Nbd7 5. Qe2 c6 6. g3 Be7 7. Bg2 0-0 8. 0-0 Qc7 9. Nbd2 b6 10. b3 Bb7 11. Bb2 Rac8 12. Rac1 a6 13. Ne5 Nxe5 14. dxe5 Nd7 15. cxd5 exd5 16. Bxd5 Qd8 17. Bg2 Re8 18. f4 Bc5 19. Ne4 Bf8 20. Nd2 f6 21. exf6 Nxf6 22. e4 c5 23. Bh3 Rc7 24. e5 Nd7 25. Rfd1 Qe7 26. Qc4+ Kh8 27. Ne4 Bxe4 28. Qxe4 Nf6 29. Qd3 Ng8 30. a3 a5 31. Qb5 Rb7 32. Bg2 Rbb8 33. Rd7 Qe6 34. Rcd1 Be7 35. Bd5 Qf5 36. Bc4 Qe4 37. Bf1 Qe3+ 38. Kh1 Qe4+ 39. Bg2 Qf5 40. a4 Red8 41. Rxd8 Rxd8 42. Rxd8 Bxd8 43. Qc4 Qb1+ 44. Qc1 Qxc1+ 45. Bxc1 Ne7 46. Kg1 Nf5 47. Kf2 Nd4 48. Bd5 Nc2 49. Bb2 Nb4 50. Bc4 Nc6 51. Bc3 Ne7 52. Kf3 h5 53. Ke4 Bc7 54. f5 Ng8 55. Kd5 Ne7+ 56. Ke6 Ng8 57. Kd7 1-0

[Event "Tula Rjazanov Memorial"]
[Site "Tula"]
[Date "2016.02.06"]
[Round "1"]
[White "Postypalskiy, Mihail"]
[Black "Kazakov, Nikolay"]
[Result "1-0"]
[WhiteElo "2404"]
[BlackElo "1976"]
[PlyCount "59"]
[EventDate "2016.02.05"]
[EventType "swiss"]
[EventRounds "9"]
[EventCountry "RUS"]
[SourceTitle "CBM 171 Extra"]
[Source "ChessBase"]
[SourceDate "2016.04.26"]
[SourceVersion "1"]
[SourceVersionDate "2016.04.26"]
[SourceQuality "1"]

1. e4 e5 2. Nf3 Nc6 3. Bb5 a6 4. Ba4 Nf6 5. d4 exd4 6. 0-0 Be7 7. Re1 b5 8. e5 Nd5 9. Bb3 Nb6 10. c3 dxc3 11. Nxc3 0-0 12. a4 bxa4 13. Nxa4 Nxa4 14. Rxa4 Kh8 15. Rf4 Qe8 16. Nd4 Nxd4 17. Qxd4 Bb7 18. Bd2 Rb8 19. Bc3 Bg5 20. e6 f6 21. exd7 Qg6 22. Rg4 h5 23. Bc2 Qxc2 24. Rxg5 Qh7 25. Rc5 h4 26. Rxc7 Qg6 27. Rxb7 Rxb7 28. d8Q Rxd8 29. Qxd8+ Kh7 30. h3 1-0

[Event "Tula Sinitsin Memorial"]
[Site "Tula"]
[Date "2010.05.??"]
[Round "17"]
[White "Kazakov, Nikolay"]
[Black "Poletov, Vladimir"]
[Result "1/2-1/2"]
[WhiteElo "1978"]
[BlackElo "2332"]
[PlyCount "62"]
[EventDate "2010.04.??"]
[EventType "tourn"]
[EventRounds "17"]
[EventCountry "RUS"]
[SourceTitle "EXT 2012"]
[Source "ChessBase"]
[SourceDate "2011.11.24"]
[SourceVersion "1"]
[SourceVersionDate "2011.11.24"]
[SourceQuality "1"]

1. e4 c6 2. d4 d5 3. e5 Bf5 4. Bd3 Bxd3 5. Qxd3 e6 6. Ne2 Qb6 7. 0-0 c5 8. c4 dxc4 9. Qxc4 Nc6 10. dxc5 Bxc5 11. Bf4 Rc8 12. Qe4 Qxb2 13. Nbc3 Qb4 14. Qf3 g5 15. Rab1 Qc4 16. Bg3 g4 17. Qe4 Qxe4 18. Nxe4 b6 19. N2c3 Kf8 20. Nxc5 bxc5 21. Ne4 Nd4 22. Rfe1 Ne7 23. Nd6 Ra8 24. Bh4 Ndf5 25. Bf6 Rg8 26. Rb7 Rg6 27. Nxf5 Nxf5 28. Reb1 Ke8 29. Rc7 Nd6 30. Be7 Nc4 31. Bxc5 Nxe5 1/2-1/2

[Event "Tula Sinitsin Memorial"]
[Site "Tula"]
[Date "2010.04.??"]
[Round "12"]
[White "Smolskiy, Mikhail"]
[Black "Kazakov, Nikolay"]
[Result "0-1"]
[WhiteElo "1944"]
[BlackElo "1978"]
[PlyCount "90"]
[EventDate "2010.04.??"]
[EventType "tourn"]
[EventRounds "17"]
[EventCountry "RUS"]
[SourceTitle "EXT 2012"]
[Source "ChessBase"]
[SourceDate "2011.11.24"]
[SourceVersion "1"]
[SourceVersionDate "2011.11.24"]
[SourceQuality "1"]

1. e4 e6 2. d4 d5 3. e5 c5 4. c3 Qa5 5. dxc5 Qxc5 6. Be3 Qc7 7. Bd4 Bd7 8. Nf3 Ne7 9. Bd3 Nbc6 10. 0-0 Nf5 11. Nbd2 Be7 12. Re1 0-0 13. Rc1 Qd8 14. a3 b5 15. Bxb5 Nxe5 16. Bxe5 Bxb5 17. g4 Nh4 18. Nd4 Bd7 19. Bg3 Qb6 20. b4 Rac8 21. N2f3 Ng6 22. h4 Bd6 23. h5 Ne7 24. Ne5 Bxe5 25. Bxe5 f6 26. Bg3 Rfe8 27. a4 e5 28. a5 Qb7 29. Nb3 Rc4 30. Nc5 Qc6 31. f3 a6 32. Bf2 Be6 33. Re2 Bf7 34. Qd2 Rd8 35. h6 d4 36. Qd3 Rd6 37. Ne4 Bg6 38. hxg7 Nd5 39. Qd2 Bxe4 40. Rxe4 Nf4 41. Rce1 Qd7 42. Qd1 Nh3+ 43. Kg2 Nxf2 44. Kxf2 dxc3 45. Qb3 Rd2+ 0-1

[Event "Tula Region-ch op"]
[Site "Tula"]
[Date "2008.08.01"]
[Round "1"]
[White "Morozov, Aleksei"]
[Black "Kazakov, Nikolay"]
[Result "1-0"]
[WhiteElo "2275"]
[BlackElo "2010"]
[PlyCount "71"]
[EventDate "2008.08.01"]
[EventType "swiss"]
[EventRounds "9"]
[EventCountry "RUS"]
[SourceTitle "EXT 2022"]
[Source "ChessBase"]
[SourceDate "2021.10.06"]
[SourceVersion "1"]
[SourceVersionDate "2021.10.06"]
[SourceQuality "1"]

1. e4 e5 2. Nf3 Nc6 3. Bc4 Nf6 4. Ng5 d5 5. exd5 Na5 6. Bb5+ c6 7. dxc6 bxc6 8. Be2 h6 9. Nf3 e4 10. Ne5 Bd6 11. d4 Bxe5 12. dxe5 Qxd1+ 13. Bxd1 Nd7 14. e6 Nf6 15. exf7+ Kxf7 16. 0-0 Re8 17. Be2 Bd7 18. Na3 Rad8 19. Be3 Ra8 20. Ba6 Bc8 21. Bxc8 Rexc8 22. Rad1 a6 23. Rd4 Nb7 24. Nc4 Re8 25. Rfd1 Nd5 26. Bc1 Rad8 27. a3 a5 28. Kf1 a4 29. Ke2 Kf6 30. g3 Kf5 31. h3 Rc8 32. Ne3+ Nxe3 33. Bxe3 Ra8 34. Rd7 Na5 35. R1d6 h5 36. Rf7+ 1-0

[Event "Tula Efremenkov Memorial"]
[Site "Tula"]
[Date "2008.01.10"]
[Round "9"]
[White "Maslova, Elena"]
[Black "Kazakov, Nikolay"]
[Result "1/2-1/2"]
[WhiteElo "2027"]
[BlackElo "1990"]
[PlyCount "31"]
[EventDate "2008.01.02"]
[EventType "tourn"]
[EventRounds "9"]
[EventCountry "RUS"]
[SourceTitle "CBM 122 Extra"]
[Source "ChessBase"]
[SourceDate "2008.03.04"]
[SourceVersion "1"]
[SourceVersionDate "2008.03.04"]
[SourceQuality "1"]

1. d4 d5 2. c4 c6 3. cxd5 cxd5 4. Nc3 Nf6 5. Nf3 Nc6 6. Bf4 Bf5 7. e3 e6 8. Bd3 Bxd3 9. Qxd3 Bd6 10. Bg3 0-0 11. 0-0 Bxg3 12. hxg3 Re8 13. a3 a6 14. b4 b5 15. Rac1 Rc8 16. Rfe1 1/2-1/2

[Event "Tula Efremenkov Memorial"]
[Site "Tula"]
[Date "2008.01.09"]
[Round "8"]
[White "Kazakov, Nikolay"]
[Black "Chubakov, Oleg"]
[Result "1/2-1/2"]
[WhiteElo "1990"]
[BlackElo "2184"]
[PlyCount "24"]
[EventDate "2008.01.02"]
[EventType "tourn"]
[EventRounds "9"]
[EventCountry "RUS"]
[SourceTitle "CBM 122 Extra"]
[Source "ChessBase"]
[SourceDate "2008.03.04"]
[SourceVersion "1"]
[SourceVersionDate "2008.03.04"]
[SourceQuality "1"]

1. e4 c6 2. d4 d5 3. Nc3 g6 4. e5 f6 5. f4 Nh6 6. Nf3 Bg4 7. Be3 Qb6 8. Na4 Qa5+ 9. c3 Nd7 10. b4 Qc7 11. Be2 Bg7 12. 0-0 0-0 1/2-1/2

[Event "Tula Efremenkov Memorial"]
[Site "Tula"]
[Date "2008.01.08"]
[Round "7"]
[White "Kuznezov, Albert"]
[Black "Kazakov, Nikolay"]
[Result "1/2-1/2"]
[WhiteElo "2053"]
[BlackElo "1990"]
[PlyCount "135"]
[EventDate "2008.01.02"]
[EventType "tourn"]
[EventRounds "9"]
[EventCountry "RUS"]
[SourceTitle "CBM 122 Extra"]
[Source "ChessBase"]
[SourceDate "2008.03.04"]
[SourceVersion "1"]
[SourceVersionDate "2008.03.04"]
[SourceQuality "1"]

1. d4 Nf6 2. c4 e6 3. Nc3 d5 4. Bg5 Nbd7 5. e3 Be7 6. Nf3 h6 7. Bh4 c6 8. cxd5 exd5 9. Bd3 0-0 10. 0-0 Re8 11. h3 Ne4 12. Bxe7 Rxe7 13. Nd2 Ndf6 14. Ndxe4 dxe4 15. Be2 Bf5 16. Rc1 Rc8 17. b4 Qd6 18. a3 Nd5 19. Nxd5 cxd5 20. Qa4 b6 21. Rxc8+ Bxc8 22. Rc1 Rc7 23. Qe8+ Kh7 24. Rxc7 Qxc7 25. Bb5 Be6 26. Qc6 Qxc6 27. Bxc6 g5 28. Kh2 f5 29. Kg3 Kg6 30. f3 Kf6 31. fxe4 fxe4 32. h4 Ke7 33. hxg5 hxg5 34. Bb5 a5 35. Be2 Kf6 36. b5 Bd7 37. a4 Be6 38. Bg4 Bf7 39. Bd7 Bh5 40. Bc6 Ke6 41. Kh3 Bd1 42. Kg3 Bxa4 43. Kf2 Bb3 44. Ke1 Bc4 45. Kd2 a4 46. Kc1 a3 47. Kb1 Kf5 48. Bd7+ Kg6 49. Be8+ Kf6 50. Bc6 Kf7 51. Ka1 Ke6 52. Kb1 Kd6 53. Ka1 Ke7 54. Kb1 Kf6 55. Ka1 Kg6 56. Be8+ Kh6 57. Kb1 Kg7 58. Bc6 Kf6 59. Ka1 Ke7 60. Kb1 Kd6 61. Ka1 Be2 62. Ka2 Bg4 63. Kxa3 Be6 64. Kb4 Ke7 65. Ka4 Kf6 66. Be8 Kf5 67. Bh5 Kf6 68. g4 1/2-1/2

[Event "Tula Efremenkov Memorial"]
[Site "Tula"]
[Date "2008.01.07"]
[Round "6"]
[White "Kazakov, Nikolay"]
[Black "Semenov, Nikolai"]
[Result "0-1"]
[WhiteElo "1990"]
[BlackElo "2091"]
[PlyCount "68"]
[EventDate "2008.01.02"]
[EventType "tourn"]
[EventRounds "9"]
[EventCountry "RUS"]
[SourceTitle "CBM 122 Extra"]
[Source "ChessBase"]
[SourceDate "2008.03.04"]
[SourceVersion "1"]
[SourceVersionDate "2008.03.04"]
[SourceQuality "1"]

1. e4 c5 2. Nf3 d6 3. Bc4 Nc6 4. c3 Nf6 5. d3 Bd7 6. 0-0 Na5 7. Nbd2 a6 8. Re1 b5 9. Bd5 Rb8 10. b4 e6 11. bxa5 exd5 12. exd5+ Be7 13. c4 0-0 14. Bb2 Bf5 15. Nb3 Re8 16. Nh4 Bg4 17. f3 Bc8 18. g3 Nd7 19. Nf5 Bf8 20. Qd2 Ne5 21. Bxe5 dxe5 22. Nh4 Bd6 23. Ng2 f5 24. Re2 Bd7 25. Rae1 Qf6 26. Qb2 Qg6 27. Qc1 Re7 28. f4 e4 29. Kh1 bxc4 30. dxc4 Qf6 31. Qe3 Rc8 32. Rb1 Be8 33. Rd2 Rb7 34. Ne1 Bh5 0-1

[Event "Tula Efremenkov Memorial"]
[Site "Tula"]
[Date "2008.01.03"]
[Round "2"]
[White "Kazakov, Nikolay"]
[Black "Abramov, Anatoly"]
[Result "0-1"]
[WhiteElo "1990"]
[BlackElo "2139"]
[PlyCount "107"]
[EventDate "2008.01.02"]
[EventType "tourn"]
[EventRounds "9"]
[EventCountry "RUS"]
[SourceTitle "CBM 122 Extra"]
[Source "ChessBase"]
[SourceDate "2008.03.04"]
[SourceVersion "1"]
[SourceVersionDate "2008.03.04"]
[SourceQuality "1"]

1. e4 e6 2. d4 d5 3. Nc3 Nf6 4. e5 Nfd7 5. Nf3 c5 6. Bb5 Qb6 7. 0-0 cxd4 8. Nxd4 Nc6 9. Nxc6 bxc6 10. Ba4 Ba6 11. Re1 Bc5 12. Qf3 Qc7 13. Bf4 Bb7 14. Rad1 Nf8 15. Nxd5 Qc8 16. Nc3 Ng6 17. Bg3 0-0 18. h4 Bb4 19. h5 Bxc3 20. Qxc3 Ne7 21. Qc5 Nf5 22. Bb3 Rd8 23. Bf4 h6 24. Kh2 Qc7 25. g4 Ne7 26. Rd6 Qb6 27. Be3 Qxc5 28. Bxc5 Rxd6 29. exd6 Nd5 30. Kg3 Nf6 31. f3 Nd7 32. Be3 a5 33. a4 Ba6 34. Bd2 Bb7 35. Bc4 Ba6 36. Bxa6 Rxa6 37. b3 Kf8 38. Rd1 Ke8 39. g5 hxg5 40. Bxg5 f6 41. h6 gxh6 42. Bxh6 Kf7 43. Be3 e5 44. c4 Ke6 45. c5 Ra8 46. Rh1 Kd5 47. Rd1+ Ke6 48. Rd2 f5 49. f4 Rg8+ 50. Kf3 e4+ 51. Kf2 Nf6 52. Ke1 Nd5 53. Bf2 Rg4 54. d7 0-1

[Event "Tula Efremenkov Memorial"]
[Site "Tula"]
[Date "2008.01.02"]
[Round "1"]
[White "Drizgalovich, Mikhail"]
[Black "Kazakov, Nikolay"]
[Result "1-0"]
[WhiteElo "2212"]
[BlackElo "1990"]
[PlyCount "47"]
[EventDate "2008.01.02"]
[EventType "tourn"]
[EventRounds "9"]
[EventCountry "RUS"]
[SourceTitle "CBM 122 Extra"]
[Source "ChessBase"]
[SourceDate "2008.03.04"]
[SourceVersion "1"]
[SourceVersionDate "2008.03.04"]
[SourceQuality "1"]

1. c4 c5 2. Nf3 Nc6 3. d4 cxd4 4. Nxd4 e6 5. Nc3 d5 6. cxd5 exd5 7. e3 Nf6 8. Be2 Bb4 9. 0-0 0-0 10. a3 Bd6 11. Nf3 Bg4 12. Nb5 Bb8 13. b3 a6 14. Nbd4 Qc7 15. g3 Bh3 16. Re1 h6 17. Bb2 Qd7 18. b4 Bd6 19. Qb3 Ne4 20. Bf1 Bxf1 21. Rxf1 Ng5 22. Nd2 Qe7 23. Nf5 Qd7 24. Nd4 1-0

[Event "Tula CC-ch"]
[Site "Tula"]
[Date "2007.12.25"]
[Round "8"]
[White "Kuznezov, Albert"]
[Black "Kazakov, Nikolay"]
[Result "1-0"]
[WhiteElo "2053"]
[BlackElo "1990"]
[PlyCount "58"]
[EventDate "2007.12.08"]
[EventType "swiss"]
[EventRounds "9"]
[EventCountry "RUS"]
[SourceTitle "CBM 122 Extra"]
[Source "ChessBase"]
[SourceDate "2008.03.04"]
[SourceVersion "1"]
[SourceVersionDate "2008.03.04"]
[SourceQuality "1"]

1. d4 Nf6 2. c4 e6 3. Nc3 d5 4. Bg5 c6 5. Nf3 Nbd7 6. e3 Be7 7. Be2 h6 8. Bh4 0-0 9. 0-0 Re8 10. Bd3 Ne4 11. Bxe7 Nxc3 12. Bxd8 Nxd1 13. Rfxd1 Rxd8 14. Rac1 Nf6 15. Ne5 g6 16. Rc2 Kg7 17. Rdc1 a5 18. a4 Nd7 19. Nxd7 Bxd7 20. c5 f6 21. Rb1 Rdb8 22. b4 axb4 23. Rxb4 Ra5 24. Rcb2 Bc8 25. Bb1 Kf7 26. f3 Ke7 27. Bc2 Kd7 28. Bxg6 f5 29. Bh5 Kc7 1-0

[Event "Tula Region-ch Seniors"]
[Site "Tula"]
[Date "2007.09.22"]
[Round "8"]
[White "Kazakov, Nikolay"]
[Black "Chubakov, Oleg"]
[Result "0-1"]
[WhiteElo "2011"]
[BlackElo "2168"]
[PlyCount "42"]
[EventDate "2007.09.15"]
[EventType "swiss"]
[EventRounds "9"]
[EventCountry "RUS"]
[SourceTitle "EXT 2009"]
[Source "ChessBase"]
[SourceDate "2008.11.26"]
[SourceVersion "1"]
[SourceVersionDate "2008.11.26"]
[SourceQuality "1"]

1. e4 c5 2. c3 d5 3. e5 Nc6 4. d4 e6 5. Nf3 Qb6 6. Be2 cxd4 7. cxd4 Nge7 8. 0-0 Nf5 9. Be3 Qxb2 10. Nbd2 Nxe3 11. fxe3 Qc3 12. Kf2 Ba3 13. Qa4 Qa5 14. Qb3 0-0 15. Rad1 f6 16. Kg1 Be7 17. a4 fxe5 18. dxe5 Qb4 19. Bd3 Qxb3 20. Nxb3 Bd7 21. Nbd2 Bc5 0-1

[Event "Tula Region-ch Seniors"]
[Site "Tula"]
[Date "2007.09.21"]
[Round "7"]
[White "Kinin, Igor"]
[Black "Kazakov, Nikolay"]
[Result "1/2-1/2"]
[WhiteElo "2019"]
[BlackElo "2011"]
[PlyCount "34"]
[EventDate "2007.09.15"]
[EventType "swiss"]
[EventRounds "9"]
[EventCountry "RUS"]
[SourceTitle "EXT 2009"]
[Source "ChessBase"]
[SourceDate "2008.11.26"]
[SourceVersion "1"]
[SourceVersionDate "2008.11.26"]
[SourceQuality "1"]

1. Nf3 Nf6 2. d4 e6 3. c4 d5 4. Nc3 Bb4 5. Qc2 0-0 6. e3 c6 7. Bd3 h6 8. a3 Bxc3+ 9. Qxc3 Nbd7 10. b3 b5 11. 0-0 a6 12. Bb2 Bb7 13. c5 Re8 14. Rfe1 a5 15. e4 dxe4 16. Bxe4 Nxe4 17. Rxe4 Nf6 1/2-1/2

[Event "Tula Region-ch Seniors"]
[Site "Tula"]
[Date "2007.09.20"]
[Round "6"]
[White "Kazakov, Nikolay"]
[Black "Andrianov, Vyacheslav"]
[Result "1/2-1/2"]
[WhiteElo "2011"]
[BlackElo "2160"]
[PlyCount "54"]
[EventDate "2007.09.15"]
[EventType "swiss"]
[EventRounds "9"]
[EventCountry "RUS"]
[SourceTitle "EXT 2009"]
[Source "ChessBase"]
[SourceDate "2008.11.26"]
[SourceVersion "1"]
[SourceVersionDate "2008.11.26"]
[SourceQuality "1"]

1. e4 e6 2. d4 d5 3. Nc3 Nf6 4. e5 Nfd7 5. Nf3 b6 6. Be2 Ba6 7. 0-0 Bxe2 8. Qxe2 Be7 9. Be3 0-0 10. Rac1 c5 11. Nd1 c4 12. h3 Nc6 13. c3 Re8 14. Nh2 Nf8 15. a3 f6 16. f4 Ng6 17. exf6 Bxf6 18. Nf3 Qd7 19. Nf2 Nge7 20. Ne5 Bxe5 21. fxe5 Nf5 22. Bf4 Rf8 23. Nd1 h6 24. g4 Nh4 25. Bg3 Qe7 26. Bxh4 Qxh4 27. Kg2 Ne7 1/2-1/2

[Event "Tula Sinitsin Memorial"]
[Site "Tula "]
[Date "2007.04.24"]
[Round "12"]
[White "Kazakov, Nikolay"]
[Black "Zhukov, Vladimir"]
[Result "1-0"]
[WhiteElo "2018"]
[BlackElo "1948"]
[PlyCount "55"]
[EventDate "2007.04.06"]
[EventType "tourn"]
[EventRounds "13"]
[EventCountry "RUS"]
[SourceTitle "EXT 2008"]
[Source "ChessBase"]
[SourceDate "2007.11.25"]
[SourceVersion "1"]
[SourceVersionDate "2007.11.25"]
[SourceQuality "1"]

1. e4 e6 2. d4 d5 3. e5 c5 4. c3 Qb6 5. Nf3 Bd7 6. Be2 Bb5 7. 0-0 Bxe2 8. Qxe2 a5 9. a4 c4 10. Nbd2 Ne7 11. Re1 Ng6 12. Nf1 Nd7 13. h4 h5 14. g3 Ne7 15. Ng5 Nf5 16. Ne3 g6 17. Nxf5 exf5 18. e6 fxe6 19. Nxe6 Be7 20. Ng7+ Kd8 21. Nxf5 gxf5 22. Qxe7+ Kc8 23. Bf4 Qf6 24. Re6 Qxe7 25. Rxe7 Nb6 26. Rae1 Ra6 27. Rc7+ Kd8 28. Rxb7 1-0

[Event "Tula Sinitsin Memorial"]
[Site "Tula "]
[Date "2007.04.18"]
[Round "7"]
[White "Kazakov, Nikolay"]
[Black "Novikov, Konstantin Ivan"]
[Result "0-1"]
[WhiteElo "2018"]
[BlackElo "2218"]
[PlyCount "58"]
[EventDate "2007.04.06"]
[EventType "tourn"]
[EventRounds "13"]
[EventCountry "RUS"]
[SourceTitle "EXT 2008"]
[Source "ChessBase"]
[SourceDate "2007.11.25"]
[SourceVersion "1"]
[SourceVersionDate "2007.11.25"]
[SourceQuality "1"]

1. e4 a6 2. d4 b5 3. Nf3 Bb7 4. Bd3 Nf6 5. Qe2 e6 6. 0-0 c5 7. c3 cxd4 8. cxd4 Nc6 9. Bd2 Nb4 10. Bxb4 Bxb4 11. Nc3 Rc8 12. Rac1 0-0 13. h4 h6 14. Bb1 d6 15. Rfd1 Ng4 16. Ng5 Nf6 17. e5 hxg5 18. h5 Nh7 19. g4 Bxc3 20. bxc3 Bd5 21. Qe3 dxe5 22. dxe5 Rc4 23. Rd4 Qc7 24. Qd3 f5 25. gxf5 Rxd4 26. Qxd4 Qf7 27. Rd1 Qxh5 28. Be4 Qg4+ 29. Kf1 Bxe4 0-1

[Event "Tula Sinitsin Memorial"]
[Site "Tula "]
[Date "2007.04.11"]
[Round "3"]
[White "Kazakov, Nikolay"]
[Black "Smolskiy, Mikhail"]
[Result "1/2-1/2"]
[WhiteElo "2018"]
[BlackElo "2042"]
[PlyCount "26"]
[EventDate "2007.04.06"]
[EventType "tourn"]
[EventRounds "13"]
[EventCountry "RUS"]
[SourceTitle "EXT 2008"]
[Source "ChessBase"]
[SourceDate "2007.11.25"]
[SourceVersion "1"]
[SourceVersionDate "2007.11.25"]
[SourceQuality "1"]

1. e4 e5 2. d4 exd4 3. Bc4 Be7 4. Nf3 d6 5. Nxd4 Nc6 6. Nxc6 bxc6 7. Nc3 Be6 8. Bd3 Nf6 9. 0-0 0-0 10. Bg5 h6 11. Bxf6 Bxf6 12. Qd2 Bxc3 13. Qxc3 Qd7 1/2-1/2

[Event "Tula Sinitsin Memorial"]
[Site "Tula "]
[Date "2007.04.10"]
[Round "2"]
[White "Kuznezov, Albert"]
[Black "Kazakov, Nikolay"]
[Result "1/2-1/2"]
[WhiteElo "2069"]
[BlackElo "2018"]
[PlyCount "83"]
[EventDate "2007.04.06"]
[EventType "tourn"]
[EventRounds "13"]
[EventCountry "RUS"]
[SourceTitle "EXT 2008"]
[Source "ChessBase"]
[SourceDate "2007.11.25"]
[SourceVersion "1"]
[SourceVersionDate "2007.11.25"]
[SourceQuality "1"]

1. d4 Nf6 2. c4 e6 3. Nc3 Bb4 4. a3 Bxc3+ 5. bxc3 h6 6. f3 d5 7. e3 Nbd7 8. Bd3 0-0 9. Ne2 e5 10. cxd5 Nxd5 11. e4 Ne7 12. 0-0 Ng6 13. Be3 Nf6 14. d5 Nh5 15. Ng3 Nhf4 16. Bc5 Re8 17. Bb5 c6 18. dxc6 Qa5 19. cxb7 Bxb7 20. Qa4 Qxa4 21. Bxa4 Red8 22. Nf5 Rd2 23. g3 Nh3+ 24. Kh1 Rc8 25. Bxa7 Rxc3 26. Be3 Rdd3 27. Kg2 Ng5 28. Bxg5 hxg5 29. Bb5 Rd2+ 30. Rf2 Rxf2+ 31. Kxf2 Rc2+ 32. Be2 Ba6 33. Re1 Ra2 34. Ne3 Bxe2 35. Rxe2 Rxa3 36. Ng4 Kf8 37. Rd2 Ke7 38. Ne3 Nf8 39. Nc4 Rc3 40. Nxe5 f6 41. Nd3 Ra3 42. Nb4 1/2-1/2

[Event "Suvorov-ch"]
[Site "Suvorov"]
[Date "2007.01.30"]
[Round "7"]
[White "Kazakov, Nikolay"]
[Black "Krupoder, Sergey"]
[Result "1-0"]
[WhiteElo "1991"]
[BlackElo "2170"]
[PlyCount "73"]
[EventDate "2007.01.24"]
[EventType "swiss"]
[EventRounds "9"]
[EventCountry "RUS"]
[SourceTitle "EXT 2019"]
[Source "ChessBase"]
[SourceDate "2018.10.10"]
[SourceVersion "1"]
[SourceVersionDate "2018.10.10"]
[SourceQuality "1"]

1. a3 d5 2. Nf3 c5 3. c4 d4 4. b4 b6 5. g3 Bb7 6. bxc5 bxc5 7. Bg2 e5 8. d3 Bd6 9. 0-0 f5 10. Nbd2 Ne7 11. Rb1 Bc6 12. Nb3 a5 13. Qd2 a4 14. Na1 h6 15. Bb2 0-0 16. Rfd1 Nd7 17. Nc2 e4 18. dxe4 fxe4 19. Nfxd4 cxd4 20. Nxd4 e3 21. fxe3 Bxg2 22. Ne6 Qc8 23. Qxd6 Bh3 24. Nf4 Rxf4 25. Qxf4 Qc6 26. Qf3 Re8 27. g4 Qxf3 28. exf3 Nc5 29. Bd4 Ne6 30. Kf2 h5 31. Kg3 hxg4 32. fxg4 Ng5 33. Kh4 Ne4 34. Kxh3 Nf2+ 35. Kg3 Nxd1 36. Rxd1 Rb8 37. h4 1-0

[Event "Tula Suetin Memorial op"]
[Site "Tula"]
[Date "2006.11.29"]
[Round "9"]
[White "Drizgalovich, Mikhail"]
[Black "Kazakov, Nikolay"]
[Result "0-1"]
[WhiteElo "2248"]
[BlackElo "1943"]
[PlyCount "27"]
[EventDate "2006.11.21"]
[EventType "swiss"]
[EventRounds "9"]
[EventCountry "RUS"]
[SourceTitle "EXT 2010"]
[Source "ChessBase"]
[SourceDate "2010.11.25"]
[SourceVersion "1"]
[SourceVersionDate "2010.11.25"]
[SourceQuality "1"]

1. e4 e5 2. Nf3 Nc6 3. Bb5 a6 4. Ba4 d6 5. 0-0 b5 6. Bb3 Bg4 7. c3 Qf6 8. d3 Bxf3 9. Qxf3 Qxf3 10. gxf3 f6 11. f4 Nge7 12. f5 a5 13. a4 b4 14. Be3 0-1

[Event "Tula Suetin Memorial op"]
[Site "Tula"]
[Date "2006.11.23"]
[Round "3"]
[White "Trubizin, Alexander"]
[Black "Kazakov, Nikolay"]
[Result "1-0"]
[WhiteElo "2105"]
[BlackElo "1943"]
[PlyCount "83"]
[EventDate "2006.11.21"]
[EventType "swiss"]
[EventRounds "9"]
[EventCountry "RUS"]
[SourceTitle "EXT 2010"]
[Source "ChessBase"]
[SourceDate "2010.11.25"]
[SourceVersion "1"]
[SourceVersionDate "2010.11.25"]
[SourceQuality "1"]

1. d4 Nf6 2. c4 d5 3. cxd5 Qxd5 4. Nc3 Qd8 5. e4 e6 6. Nf3 Be7 7. Bd3 Nc6 8. 0-0 0-0 9. Bc2 Nb4 10. Bg5 c5 11. Rc1 Bd7 12. dxc5 Rc8 13. Ne5 Rc7 14. a3 Nc6 15. Nc4 h6 16. Bh4 Bc8 17. e5 Qxd1 18. Rfxd1 Nd5 19. Bxe7 Ncxe7 20. Nxd5 exd5 21. Nd6 Be6 22. b4 a6 23. Bb3 g6 24. a4 Ra8 25. f4 Kg7 26. h3 h5 27. Kf2 Rd7 28. Kf3 Rad8 29. b5 Rc7 30. b6 Rcd7 31. a5 Kf8 32. Ba4 Nc6 33. Bxc6 bxc6 34. Rb1 Rb8 35. b7 Rdd8 36. Rb6 Bd7 37. Rxa6 Ke7 38. Rb6 Rf8 39. a6 Ke6 40. a7 f6 41. axb8Q Rxb8 42. Ra1 1-0

[Event "Tula CC-ch"]
[Site "Tula"]
[Date "2006.09.27"]
[Round "6"]
[White "Kazakov, Nikolay"]
[Black "Kosolapov, Viktor"]
[Result "1-0"]
[WhiteElo "1943"]
[BlackElo "2199"]
[PlyCount "44"]
[EventDate "2006.09.19"]
[EventType "swiss"]
[EventRounds "9"]
[EventCountry "RUS"]
[SourceTitle "EXT 2010"]
[Source "ChessBase"]
[SourceDate "2010.11.25"]
[SourceVersion "1"]
[SourceVersionDate "2010.11.25"]
[SourceQuality "1"]

1. e4 c5 2. f4 Nc6 3. Nf3 g6 4. c3 d6 5. d3 Bg4 6. Be2 Bg7 7. 0-0 f5 8. Ng5 Qd7 9. Bxg4 fxg4 10. f5 Nd8 11. Qxg4 Nf6 12. Qe2 e5 13. Be3 h6 14. Nh3 g5 15. Nf2 Nc6 16. Na3 a6 17. Nc4 Qc7 18. Rac1 b5 19. Nd2 0-0-0 20. Nb3 Nd7 21. a3 Nf6 22. d4 c4 1-0

[Event "Tula CC-ch"]
[Site "Tula"]
[Date "2006.09.26"]
[Round "5"]
[White "Bragiin, Sergei I"]
[Black "Kazakov, Nikolay"]
[Result "1/2-1/2"]
[WhiteElo "2073"]
[BlackElo "1943"]
[PlyCount "98"]
[EventDate "2006.09.19"]
[EventType "swiss"]
[EventRounds "9"]
[EventCountry "RUS"]
[SourceTitle "EXT 2010"]
[Source "ChessBase"]
[SourceDate "2010.11.25"]
[SourceVersion "1"]
[SourceVersionDate "2010.11.25"]
[SourceQuality "1"]

1. e4 e5 2. Nf3 Nc6 3. Nc3 Nf6 4. Bb5 d6 5. 0-0 Be7 6. d4 exd4 7. Bxc6+ bxc6 8. Nxd4 Bd7 9. Re1 0-0 10. e5 dxe5 11. Rxe5 Bd6 12. Re1 c5 13. Nf3 Bc6 14. Bg5 h6 15. Bh4 g5 16. Bg3 Qb8 17. Rb1 Rd8 18. Qc1 Bxf3 19. gxf3 Re8 20. Rxe8+ Qxe8 21. h4 Bxg3 22. fxg3 Qe5 23. Kg2 gxh4 24. gxh4 Kh7 25. Qd2 Rg8+ 26. Kf1 c4 27. Re1 Qg3 28. Qf2 Qh3+ 29. Ke2 Rd8 30. Rd1 Rg8 31. Rg1 Rb8 32. b3 cxb3 33. axb3 Qf5 34. Kd1 Qe5 35. Qe1 Qf4 36. Qd2 Qxh4 37. Qd3+ Kh8 38. Kc1 Qf4+ 39. Kb1 c6 40. Ne2 Qe5 41. Qd2 Ng8 42. Ng3 a5 43. Ne4 a4 44. Rxg8+ Kxg8 45. Qxh6 f5 46. Qg6+ Qg7 47. Nf6+ Kf8 48. Nh7+ Kg8 49. Nf6+ Kf8 1/2-1/2